<?xml version="1.0" encoding="UTF-8"?>
<record
    xmlns:xsi="http://www.w3.org/2001/XMLSchema-instance"
    xsi:schemaLocation="http://www.loc.gov/MARC21/slim http://www.loc.gov/standards/marcxml/schema/MARC21slim.xsd"
    xmlns="http://www.loc.gov/MARC21/slim">

  <leader>01213nam a22002297a 4500</leader>
  <datafield tag="999" ind1=" " ind2=" ">
    <subfield code="c">7625</subfield>
    <subfield code="d">7625</subfield>
  </datafield>
  <controlfield tag="001">991026831649706706</controlfield>
  <controlfield tag="003">OSt</controlfield>
  <controlfield tag="005">20211228105748.0</controlfield>
  <controlfield tag="007">t </controlfield>
  <controlfield tag="008">020529s2002    sp a          000 0bspa c</controlfield>
  <datafield tag="017" ind1=" " ind2=" ">
    <subfield code="a">M-12102-2000</subfield>
  </datafield>
  <datafield tag="035" ind1=" " ind2=" ">
    <subfield code="a">(ES-BaCBU).b47146357</subfield>
  </datafield>
  <datafield tag="040" ind1=" " ind2=" ">
    <subfield code="a">ES-BaCBU</subfield>
    <subfield code="b">cat</subfield>
    <subfield code="c">CDMR</subfield>
  </datafield>
  <datafield tag="245" ind1="0" ind2="0">
    <subfield code="a">Difusi&#xF3;n de la prensa en Espa&#xF1;a</subfield>
    <subfield code="h">[Fitxer inform&#xE0;tic]</subfield>
    <subfield code="b">: toda la difusi&#xF3;n certificada y garantizada por OJD de la prensa escrita (1995-2001) y de los medios electr&#xF3;nicos en Internet (1997-2001) /</subfield>
    <subfield code="c">Oficina de Justificaci&#xF3;n de la Difusi&#xF3;n</subfield>
  </datafield>
  <datafield tag="260" ind1=" " ind2=" ">
    <subfield code="a">Barcelona :</subfield>
    <subfield code="b">OJD. Oficina de Justificaci&#xF3;n de la Difusi&#xF3;n,</subfield>
    <subfield code="c">cop. 2002</subfield>
  </datafield>
  <datafield tag="300" ind1=" " ind2=" ">
    <subfield code="a">1 CD-ROM ;</subfield>
    <subfield code="c">12 cm +</subfield>
    <subfield code="e">1 guia de l'usuari ([2] p.)</subfield>
  </datafield>
  <datafield tag="500" ind1=" " ind2=" ">
    <subfield code="a">Requeriments del sistema: Ordinador PC o compatible, Pentium 100 MHz o superior ; 16 MB de RAM ; Quicktime 3.0 per a Windows 95 ; targeta de so de 16 bits, compatible Soundblaster ; lector de CD-ROM, m&#xED;nim 8x ; monitor amb resoluci&#xF3; m&#xED;nima 640x480, amb capacitat de color d'alta densitat (16 bits)</subfield>
  </datafield>
  <datafield tag="710" ind1="2" ind2=" ">
    <subfield code="a">Oficina de Justificaci&#xF3;n de la Difusi&#xF3;n.</subfield>
  </datafield>
  <datafield tag="907" ind1=" " ind2=" ">
    <subfield code="a">.b47146357</subfield>
    <subfield code="b">22-01-21</subfield>
    <subfield code="c">17-12-10</subfield>
    <subfield code="d">17-12-10</subfield>
    <subfield code="e">m</subfield>
    <subfield code="f">a</subfield>
    <subfield code="g">-</subfield>
    <subfield code="h">spa</subfield>
    <subfield code="i">sp</subfield>
    <subfield code="j">0</subfield>
    <subfield code="k">1</subfield>
  </datafield>
  <datafield tag="908" ind1=" " ind2=" ">
    <subfield code="a">URL</subfield>
  </datafield>
  <datafield tag="942" ind1=" " ind2=" ">
    <subfield code="2">udc</subfield>
    <subfield code="c">ADV</subfield>
  </datafield>
  <datafield tag="952" ind1=" " ind2=" ">
    <subfield code="0">0</subfield>
    <subfield code="1">0</subfield>
    <subfield code="4">0</subfield>
    <subfield code="7">0</subfield>
    <subfield code="a">CDMR</subfield>
    <subfield code="b">CDMR</subfield>
    <subfield code="d">2021-12-28</subfield>
    <subfield code="e">Donaci&#xF3;</subfield>
    <subfield code="l">0</subfield>
    <subfield code="o">Capsa CD's 12</subfield>
    <subfield code="p">CDMR21120156</subfield>
    <subfield code="r">2021-12-28</subfield>
    <subfield code="w">2021-12-28</subfield>
    <subfield code="y">ADV</subfield>
  </datafield>
</record>
